Stati che terminano con la R - Statistics

Statistiche generali
  • Questo quiz è stato fatto 72 volte
  • Il punteggio medio è 3 su 5
Statistiche sulle risposte
Superficie (km²) Popolazione (ab.) Stato % Corretto
587 484 26 251 309 Madagascar
61%
1 267 000 23 196 002 Niger
59%
276 841 17 625 048 Ecuador
57%
11 586 2 717 360 Qatar
55%
21 041 6 819 956 El Salvador
50%
Nessun quiz corrispondente trovato
Distribuzione punteggi
Percentuale di utenti per punteggio
Percentile per numero di risposta
I tuoi punteggi nel tempo
Non hai fatto questo quiz